The Arbitral Appointments Referee (Scotland) Order 2010 (Record no. 110687)

MARC details
000 -LEADER
fixed length control field 01444cad a22002535a 4500
001 - CONTROL NUMBER
control field E149955
008 - FIXED-LENGTH DATA ELEMENTS--GENERAL INFORMATION
fixed length control field 100519s2010 xxk f l s000 0 eng d
035 ## - SYSTEM CONTROL NUMBER
System control number (Sirsi) u149955
041 0# - LANGUAGE CODE
Language code of text/sound track or separate title eng
050 04 - LIBRARY OF CONGRESS CALL NUMBER
Classification number 347.4209 $2 18
110 2# - MAIN ENTRY--CORPORATE NAME
Corporate name or jurisdiction name as entry element Scotland
Form subheading Laws, etc
245 04 - TITLE STATEMENT
Title The Arbitral Appointments Referee (Scotland) Order 2010
Medium [electronic resource]
260 ## - PUBLICATION, DISTRIBUTION, ETC.
Place of publication, distribution, etc. London
Name of publisher, distributor, etc. OPSI
Date of publication, distribution, etc. 2010
490 #0 - SERIES STATEMENT
Series statement Scottish Statutory Instrument
Volume/sequential designation 2010: 196
520 ## - SUMMARY, ETC.
Summary, etc. Authorises eight organisations to act as arbitral appointments referees for the purposes of the Scottish Arbitration Rules set out in schedule 1 to the Arbitration (Scotland) Act 2010. The organisations are: Agricultural Industries Confederation Limited; Chartered Institute of Arbitrators; Dean of the Faculty of Advocates; Institution of Civil Engineers; Law Society of Scotland; Royal Incorporation of Architects in Scotland; Royal Institution of Chartered Surveyors; Scottish Agricultural Arbiters and Valuers Association.
521 ## - TARGET AUDIENCE NOTE
Target audience note Advanced
590 ## - LOCAL NOTE (RLIN)
Local note KA
650 24 - SUBJECT ADDED ENTRY--TOPICAL TERM
Topical term or geographic name entry element ARBITRAL APPOINTMENTS REFEREE (SCOTLAND) ORDER 2010
650 24 - SUBJECT ADDED ENTRY--TOPICAL TERM
Topical term or geographic name entry element ARBITRATION (SCOTLAND) ACT 2010
651 #4 - SUBJECT ADDED ENTRY--GEOGRAPHIC NAME
Geographic name Scotland
Chronological subdivision 1999-
690 ## - LOCAL SUBJECT ADDED ENTRY--TOPICAL TERM (OCLC, RLIN)
Topical term or geographic name as entry element MANAGEMENT-DISPUTE AVOIDANCE, MANAGEMENT AND RESOLUTION-DISPUTE MANAGEMENT AND RESOLUTION-ARBITRATION
856 40 - ELECTRONIC LOCATION AND ACCESS
Uniform Resource Identifier <a href="https://www.opsi.gov.uk/legislation/scotland/ssi2010/ssi_20100196_en_1">https://www.opsi.gov.uk/legislation/scotland/ssi2010/ssi_20100196_en_1</a>
Public note View the SI free of charge at www.opsi.gov.uk...
942 ## - ADDED ENTRY ELEMENTS (KOHA)
Suppress in OPAC 0
Holdings
Withdrawn status Lost status Source of classification or shelving scheme Damaged status Not for loan Home library Current library Shelving location Date acquired Total Checkouts Full call number Barcode Date last seen Copy number Price effective from Koha item type
    Dewey Decimal Classification     Virtual Virtual Online 19/05/2010   ONLINE PUBLICATION 149955-2001 06/08/2019 1 06/08/2019 Book